Robotics : (Record no. 68503)

000 -LEADER
fixed length control field 00935pam a2200277 a 4500
001 - CONTROL NUMBER
control field 987377
003 - CONTROL NUMBER IDENTIFIER
control field NUST - PNEC
005 - DATE AND TIME OF LATEST TRANSACTION
control field 20170116181055.0
008 - FIXED-LENGTH DATA ELEMENTS--GENERAL INFORMATION
fixed length control field 860129s1987 nyua b 001 0 eng
010 ## - LIBRARY OF CONGRESS CONTROL NUMBER
LC control number 86000395
020 ## - INTERNATIONAL STANDARD BOOK NUMBER
International Standard Book Number 0030061199
040 ## - CATALOGING SOURCE
Original cataloging agency DLC
Transcribing agency LIBRARY
Modifying agency DLC
050 00 - LIBRARY OF CONGRESS CALL NUMBER
Classification number TJ211
Item number .W64 1987
082 00 - DEWEY DECIMAL CLASSIFICATION NUMBER
Classification number 629.8/92
Edition number 19
100 1# - MAIN ENTRY--PERSONAL NAME
Personal name Wolovich, William A.,
Dates associated with a name 1937-
245 10 - TITLE STATEMENT
Title Robotics :
Remainder of title basic analysis and design /
Statement of responsibility, etc. William A. Wolovich.
260 ## - PUBLICATION, DISTRIBUTION, ETC.
Place of publication, distribution, etc. New York :
Name of publisher, distributor, etc. Holt, Rinehart and Winston,
Date of publication, distribution, etc. c1987.
300 ## - PHYSICAL DESCRIPTION
Extent xv, 393 p. :
Other physical details ill. ;
Dimensions 25 cm.
440 #0 - SERIES STATEMENT/ADDED ENTRY--TITLE
Title HRW series in electrical and computer engineering
500 ## - GENERAL NOTE
General note Includes index.
504 ## - BIBLIOGRAPHY, ETC. NOTE
Bibliography, etc. note Bibliography: p. 353-354.
650 ## - SUBJECT ADDED ENTRY--TOPICAL TERM
Topical term or geographic name entry element Mechanical engineering
9 (RLIN) 12010
General subdivision ME
856 41 - ELECTRONIC LOCATION AND ACCESS
Materials specified Table of contents only
Uniform Resource Identifier <a href="http://www.loc.gov/catdir/enhancements/fy0640/86000395-t.html">http://www.loc.gov/catdir/enhancements/fy0640/86000395-t.html</a>
906 ## - LOCAL DATA ELEMENT F, LDF (RLIN)
a 7
b cbc
c orignew
d 1
e ocip
f 19
g y-gencatlg
942 ## - ADDED ENTRY ELEMENTS (KOHA)
Source of classification or shelving scheme
Koha item type Book
Holdings
Withdrawn status Lost status Source of classification or shelving scheme Damaged status Not for loan Permanent Location Current Location Shelving location Date acquired Total Checkouts Full call number Barcode Date last seen Price effective from Koha item type
          Pakistan Navy Engineering College (PNEC) Pakistan Navy Engineering College (PNEC)       629.892 WOL PNECLIB-018940 09/30/2015   Book
© 2023 Central Library, National University of Sciences and Technology. All Rights Reserved.